MARC details
| 000 -CABECERA |
| campo de control de longitud fija |
02185nab a2200313 a 4500 |
| 005 - FECHA Y HORA DE LA ÚLTIMA TRANSACCIÓN |
| campo de control |
20240911064456.0 |
| 008 - ELEMENTOS DE LONGITUD FIJA--INFORMACIÓN GENERAL |
| campo de control de longitud fija |
991125c2018 sp ar p o 000 0 spa d |
| 035 ## - NÚMERO DE CONTROL DEL SISTEMA |
| Número de control de sistema |
UPN01000226368 |
| 040 ## - FUENTE DE LA CATALOGACIÓN |
| Centro catalogador/agencia de origen |
UPN |
| Lengua de catalogación |
spa |
| Centro/agencia transcriptor |
UPN |
| Normas de descripción |
aacr2 |
| 049 ## - COLECCIÓN |
| Colección |
ART-E |
| 100 1# - ASIENTO PRINCIPAL--NOMBRE PERSONAL |
| Nombre de persona |
Kortabitarte, Aroia |
| Enlace |
- aroia.kortabitarte@gmail.com |
| 100 1# - ASIENTO PRINCIPAL--NOMBRE PERSONAL |
| Nombre de persona |
Gillate, Iratxe |
| 100 1# - ASIENTO PRINCIPAL--NOMBRE PERSONAL |
| Nombre de persona |
Luna, Ursula |
| 100 1# - ASIENTO PRINCIPAL--NOMBRE PERSONAL |
| Nombre de persona |
Ibáñez Etxeberría, Alex |
| 245 14 - MENCIÓN DE TÍTULO |
| Título |
Las aplicaciones móviles como recursos de apoyo en el aula de Ciencias Sociales: Estudio exploratorio con el app “Architecture gothique/romane” en Educación Secundaria |
| Medio |
[recurso electrónico en línea] |
| 506 0# - NOTA DE RESTRICCIONES AL ACCESO |
| Limitaciones de acceso |
Acceso abierto |
| 520 3# - NOTA DE RESUMEN, ETC. |
| Sumario, etc. |
El siguiente escrito recoge el estudio exploratorio del uso de una app como recurso didáctico dentro del proyecto “Arte Medieval”. Esta unidad dirigida al alumnado de 2º de la ESO consta de diferentes tareas y utiliza recursos variados, en las que se integra la app “Architecture gothique/romane”. Se analiza la satisfacción y percepción del uso educativo de la app, la percepción de aprendizaje, la percepción de utilidad global de dicha app y la percepción de utilidad en el aprendizaje de contenidos específicos. Para ello, se han recogido las opiniones del alumnado mediante un formulario online del cual se ha procedido a un análisis descriptivo de los resultados. Éstos muestran una valoración positiva, así como una percepción de aprendizaje alto, aunque prevalece la valoración de la mediación del profesorado. Además, destaca la ausencia de motivación frente a la propia app, lo que indica una necesidad de cambio en la concepción y diseño de este tipo de apps. |
| 650 #2 - ASIENTO SECUNDARIO DE MATERIA - TERMINO TEMATICO |
| 9 (RLIN) |
26807 |
| Término de materia o nombre geográfico como elemento de entrada |
Realidad aumentada |
| 650 #4 - ASIENTO SECUNDARIO DE MATERIA - TERMINO TEMATICO |
| Término de materia o nombre geográfico como elemento de entrada |
Ciencias sociales |
| 9 (RLIN) |
9133 |
| 650 #2 - ASIENTO SECUNDARIO DE MATERIA - TERMINO TEMATICO |
| Término de materia o nombre geográfico como elemento de entrada |
Arte medieval |
| 9 (RLIN) |
2577 |
| 650 #4 - ASIENTO SECUNDARIO DE MATERIA - TERMINO TEMATICO |
| 9 (RLIN) |
42 |
| Término de materia o nombre geográfico como elemento de entrada |
Proceso enseñanza-aprendizaje |
| 650 #7 - ASIENTO SECUNDARIO DE MATERIA - TERMINO TEMATICO |
| Término de materia o nombre geográfico como elemento de entrada |
Educación secundaria |
| Fuente del encabezamiento o término |
|
| 9 (RLIN) |
4281 |
| 653 0# - TERMINO DE INDIZACION - NO CONTROLADO |
| Término no controlado |
Dispositivos móviles |
| 653 0# - TERMINO DE INDIZACION - NO CONTROLADO |
| Término no controlado |
ESO |
| 773 ## - ENLACE AL DOCUMENTO FUENTE/ENTRADA DE REGISTRO ANFITRIÓN |
| Parte(s) relacionada(s) |
Vol. 33, no. 1 (2018), p. 65-79 |
| Título |
Ensayos : revista de la Facultad de Educación de Albacete |
| Número Internacional Normalizado para Publicaciones Seriadas |
2171-9098 |
| 856 4# - LOCALIZACIÓN Y ACCESO ELECTRÓNICOS |
| Identificador Uniforme del Recurso |
<a href="https://revista.uclm.es/index.php/ensayos/article/view/1743">https://revista.uclm.es/index.php/ensayos/article/view/1743</a> |
| 905 ## - TIPO DE MATERIAL |
| Tipo de material |
Articulo |
| 942 ## - ELEMENTOS DE PUNTO DE ACCESO ADICIONAL (KOHA) |
| Tipo de ítem Koha |
Artículo Electrónico |